Statistics for The Bible - Who Said That?

Click here to take the quiz!

General Stats

  • This quiz has been taken 15,248 times
  • The average score is 11 of 16

Answer Stats

HintAnswer% Correct
Who am I, that I should go unto Pharaoh, and that I should bring forth the
children of Israel out of Egypt?
Moses
97%
He that is without sin among you, let him first cast a stone at herJesus
93%
The serpent beguiled me, and I did eatEve
91%
This is now bone of my bones, and flesh of my flesh: she shall be called WomanAdam
84%
If I am shaven, then my strength will leave meSamson
81%
Am I my brother's keeper?Cain
76%
Divide the living child in two, and give half to the one, and half to the otherSolomon
70%
Except I shall ... put my finger into the print of the nails, and thrust my hand into his side,
I will not believe
Thomas
67%
Will a son be born to a man a hundred years old?Abraham
66%
(referring to Jesus) Woman, I know him notPeter
66%
The LORD is my shepherd; I shall not want.David
61%
(washing hands) I am innocent of the blood of this just PersonPontius Pilate
58%
How shall this be, seeing I know not a man?Mary
57%
Up, get you out of this place; for the LORD will destroy this cityLot
53%
If thou be the Son of God, command this stone that it be made breadThe Devil
49%
Sell me this day thy birthrightJacob
48%

Score Distribution

Percentile by Number Answered

Percent of People with Each Score

Your Score History

You have not taken this quiz